Probability and Stochastic Processes (Record no. 12532)

MARC details
000 -LEADER
fixed length control field 00405nam a22001697a 4500
003 - CONTROL NUMBER IDENTIFIER
control field OSt
008 - FIXED-LENGTH DATA ELEMENTS--GENERAL INFORMATION
fixed length control field 240420b |||||||| |||| 00| 0 eng d
020 ## - INTERNATIONAL STANDARD BOOK NUMBER
International Standard Book Number 9789354243455
082 ## - DEWEY DECIMAL CLASSIFICATION NUMBER
Classification number 519.2 YAP
100 ## - MAIN ENTRY--PERSONAL NAME
Personal name YATES,Roy D
245 ## - TITLE STATEMENT
Title Probability and Stochastic Processes
250 ## - EDITION STATEMENT
Edition statement 3rd Ed
260 ## - PUBLICATION, DISTRIBUTION, ETC. (IMPRINT)
Place of publication, distribution, etc New Delhi
Name of publisher, distributor, etc Wiley India
Date of publication, distribution, etc 2021
300 ## - PHYSICAL DESCRIPTION
Extent 472
700 ## - ADDED ENTRY--PERSONAL NAME
Personal name GOODMAN,David J
942 ## - ADDED ENTRY ELEMENTS (KOHA)
Source of classification or shelving scheme Dewey Decimal Classification
Koha item type Text Books
Holdings
Withdrawn status Lost status Source of classification or shelving scheme Damaged status Not for loan Collection code Home library Current library Date acquired Source of acquisition Currency Cost, normal purchase price Bill Number Total Checkouts Full call number Acc. no. / Barcode Date last seen Actual Cost, discounted price Bill Date Koha item type
    Dewey Decimal Classification     B.Tech(IT) PIET C-LIBRARY PIET C-LIBRARY 06/04/2024 Zafaa Books and Distributors In rupees 779.00 ZBD0005   519.2 YAP 37516 20/04/2024 564.77 06/04/2024 Reference Books
    Dewey Decimal Classification     B.Tech(IT) PIET C-LIBRARY PIET C-LIBRARY 06/04/2024 Zafaa Books and Distributors In rupees 779.00 ZBD0005   519.2 YAP 37517 20/04/2024 564.77 06/04/2024 Text Books
    Dewey Decimal Classification     B.Tech(IT) PIET C-LIBRARY PIET C-LIBRARY 06/04/2024 Zafaa Books and Distributors In rupees 779.00 ZBD0005   519.2 YAP 37518 20/04/2024 564.77 06/04/2024 Text Books
    Dewey Decimal Classification     B.Tech(IT) PIET C-LIBRARY PIET C-LIBRARY 06/04/2024 Zafaa Books and Distributors In rupees 779.00 ZBD0005   519.2 YAP 37519 20/04/2024 564.77 06/04/2024 Text Books
    Dewey Decimal Classification     B.Tech(IT) PIET C-LIBRARY PIET C-LIBRARY 06/04/2024 Zafaa Books and Distributors In rupees 779.00 ZBD0005   519.2 YAP 37520 20/04/2024 564.77 06/04/2024 Text Books
    Dewey Decimal Classification     B.Tech(IT) PIET C-LIBRARY PIET C-LIBRARY 06/04/2024 Zafaa Books and Distributors In rupees 779.00 ZBD0005   519.2 YAP 37521 20/04/2024 564.77 06/04/2024 Text Books
    Dewey Decimal Classification     B.Tech(IT) PIET C-LIBRARY PIET C-LIBRARY 06/04/2024 Zafaa Books and Distributors In rupees 779.00 ZBD0005   519.2 YAP 37522 20/04/2024 564.77 06/04/2024 Text Books
    Dewey Decimal Classification     B.Tech(IT) PIET C-LIBRARY PIET C-LIBRARY 06/04/2024 Zafaa Books and Distributors In rupees 779.00 ZBD0005   519.2 YAP 37523 20/04/2024 564.77 06/04/2024 Text Books
    Dewey Decimal Classification     B.Tech(IT) PIET C-LIBRARY PIET C-LIBRARY 06/04/2024 Zafaa Books and Distributors In rupees 779.00 ZBD0005   519.2 YAP 37524 20/04/2024 564.77 06/04/2024 Text Books
    Dewey Decimal Classification     B.Tech(IT) PIET C-LIBRARY PIET C-LIBRARY 06/04/2024 Zafaa Books and Distributors In rupees 779.00 ZBD0005   519.2 YAP 37525 20/04/2024 564.77 06/04/2024 Text Books

Design & Developed by: PIET Central Library
R70 Miles Stone Pattikalyana Samalkha Panipat 132102
mail ID :- [email protected], Phone No:- 0180-2569700 Ex.216